Sports Quiz

Random Sports Quiz

Wwe quiz Stats

 Plays Quiz not verified by Sporcle

Challenge
Share
Tweet
Embed
Score 0/30 Timer 04:00
0 Plays Today
quistion anwser % Correct
first world heavywieght championtriple h
86.9%
longest undefeated streak at wrestlemaniathe undertaker
78.7%
first person to beat andre the gianthulk hogan
75.4%
first to win royal rumble entering #1shawn michaels
70.5%
first masked wrestler to become wwe championkane
70.5%
first his first wwe title match in an iron man matchshawn michaels
70.5%
most wwe titles won john cena
62.3%
most world titlesric flair
59%
first royal rumble winnerjim duggan
57.4%
first irish born wwe championsheamus
57.4%
shortest wwe title match in historyzack ryder vs sheamus
57.4%
first person undertaker did hell's gate tobig daddy V
55.7%
only cage match in wrestlemania historyking kong bundy vs hulk hogan
55.7%
most tag team championshipsedge
52.5%
most luckiest royal rumble number27
49.2%
quistion anwser % Correct
first wrestler to win 2 consecutive mitbcm punk
49.2%
first hall of fame entrantandre the giant
45.9%
longest undeafeated streak andre the giant
45.9%
longest wwe championship reignBruno Sammartino
41%
most royal rumble elimantionsstone cold steve austin
37.7%
most wemons championshipstrish stratus
37.7%
mr kennedy named his dog after what wrestlerstone cold steve austin
37.7%
longest reigning Intercontinental championhonky tonk man
36.1%
first wwe championbuddy rogers
32.8%
longest rigning womens championThe Fabulous Moolah
27.9%
inventer of the camel cluth gori guerrero
21.3%
most tag team championships as a teamthe dudley boyz
19.7%
creater of wwevince mcmahon sr
16.4%
longest reigning cruiserweight championgregory helms
13.1%
where was triple h first billed fromfrance
6.6%

You're not logged in!

Compare scores with friends on all Sporcle quizzes.
OR
Log In

You Might Also Like...

Show Comments

Extras

Created Jan 30, 2012ReportNominate

Top Quizzes Today


Score Distribution

Your Account Isn't Verified!

In order to create a playlist on Sporcle, you need to verify the email address you used during registration. Go to your Sporcle Settings to finish the process.

Report this User

Report this user for behavior that violates our Community Guidelines.

Details: